वाटचालीतील भेटलेले गुरुजन (Record no. 491633)

MARC details
000 -LEADER
fixed length control field 00529nam a22001577a 4500
003 - CONTROL NUMBER IDENTIFIER
control field OSt
005 - DATE AND TIME OF LATEST TRANSACTION
control field 20120302150222.0
008 - FIXED-LENGTH DATA ELEMENTS--GENERAL INFORMATION
fixed length control field 090622t xxu||||| |||| 00| 0 eng d
035 ## - SYSTEM CONTROL NUMBER
System control number ५४५५
040 ## - CATALOGING SOURCE
Transcribing agency मराठी
100 ## - MAIN ENTRY--PERSONAL NAME
Personal name हर्षे, द. स.
9 (RLIN) 6622
245 ## - TITLE STATEMENT
Title वाटचालीतील भेटलेले गुरुजन
250 ## - EDITION STATEMENT
Edition statement १ ली
260 ## - PUBLICATION, DISTRIBUTION, ETC. (IMPRINT)
Place of publication, distribution, etc सातारा
Name of publisher, distributor, etc हिंदू राष्ट्र जागृती
Date of publication, distribution, etc १९८५
300 ## - PHYSICAL DESCRIPTION
Other physical details २५६ पाने

No items available.